Time planet earth an illustrated history

Bibliographic Details
Format: Book
Series:Time books
Subjects:

MARC

LEADER 00000cam a2200000 7i4500
001 0000046168
005 20150309.0
008 150309
020 |a 9781603200325 
090 0 0 |a 508   |b PAL 
245 1 0 |a Time planet earth an illustrated history 
440 |a Time books 
650 0 |a Planet earth. 
999 |a 0001268508   |b Book   |c REFERENCE   |e Cawangan Segamat